000
00345 a2200157 4500
001
184530
020
_a
040
_c
Magnum
100
_a
Mapherson, Aimee Semple
240
1
0
_a
A história de um vida
_l
por
245
1
0
_a
A história de um vida
300
_a
180
362
0
_a
1981
697
_a
LITERATURA GERAL ESTRANGEIRA
942
_c
BK
999
_c
184530
_d
184530